| 000 | 00421nam a22001817a 4500 | ||
|---|---|---|---|
| 003 | LK-CoDNM | ||
| 005 | 20250121124740.0 | ||
| 008 | 250120b |||||||| |||| 00| 0 eng d | ||
| 040 |
_aLK-CoDNM _dLK-CoDNM _eLK-CoDNM |
||
| 041 | _aeng | ||
| 080 |
_a11 _bV22 |
||
| 100 | _aHarrison A.S. | ||
| 245 | _aThe Nature Talk | ||
| 260 |
_aColombo _bW.M.A.Wahid |
||
| 300 | _a38p. : 21 cm | ||
| 650 | _aScience | ||
| 942 | _cBK | ||
| 999 |
_c237132 _d237132 |
||